Euroopan valtiot vuonna 1870 kartalla - Statistics

Yleistilastot
  • Tätä visaa on pelattu 1 031 kertaa
  • Keskiarvotulos 21 / 29
Vastaukset kartalla
Vastauksille on annettu kartalla punavihreä väri sen mukaan, kuinka moni on saanut sen oikein.
 
Vastaustilastot
Valtio % Oikein
Norja
100%
Ranskan keisarikunta
99%
Ruotsi
99%
Venäjän keisarikunta
99%
Espanja
98%
Italia
98%
Tanska
97%
Portugali
96%
Yhdistynyt kuningaskunta
96%
Alankomaat
94%
Belgia
94%
Sveitsi
92%
Kreikka
91%
Itävalta-Unkari
85%
Luxemburg
81%
San Marino
81%
Andorra
80%
Monaco
76%
Liechtenstein
72%
Romania
68%
Osmanien valtakunta
67%
Pohjois-Saksan liitto
62%
Serbia
51%
Montenegro
50%
Baijeri
34%
Kirkkovaltio
26%
Hessen
17%
Baden
16%
Württemberg
12%
Ehtoja vastaavia visoja ei löytynyt
Tulosjakauma
Jokaisen tuloksen saaneiden osuus
Persentiili vastausten määrän mukaan
Tuloshistoriasi
Et ole pelannut tätä visaa